Newman and Carranza's Clinical Periodontology and Implantology (Record no. 26866)

MARC details
000 -LEADER
fixed length control field 00377nam a22001577a 4500
003 - CONTROL NUMBER IDENTIFIER
control field SGT
020 ## - INTERNATIONAL STANDARD BOOK NUMBER
International Standard Book Number 9780323878876
082 ## - DEWEY DECIMAL CLASSIFICATION NUMBER
Classification number 617.632
Item number N24N
100 ## - MAIN ENTRY--PERSONAL NAME
Personal name Newman, Michael G.
245 ## - TITLE STATEMENT
Title Newman and Carranza's Clinical Periodontology and Implantology
250 ## - EDITION STATEMENT
Edition statement 14th
260 ## - PUBLICATION, DISTRIBUTION, ETC. (IMPRINT)
Name of publisher, distributor, etc Elsevier
Year of Publication 2024
300 ## - PAGE DESCRIPTION
No. of Pages 1087
650 ## - SUBJECT ADDED ENTRY--TOPICAL TERM
Topical term or geographic name as entry element Periodontology
942 ## - ADDED ENTRY ELEMENTS (KOHA)
Source of classification or shelving scheme Dewey Decimal Classification
Koha item type Books
942 ## - ADDED ENTRY ELEMENTS (KOHA)
-- 2
Holdings
Withdrawn status Lost status Source of classification or shelving scheme Damaged status Use restrictions Not for loan Home library Current library Shelving location Date acquired Vendor Name Cost, normal purchase price SGTU Bill Number Total Checkouts Full call number Accession No. (Barcode) Date last seen Bill Date Koha item type Date last borrowed
    Dewey Decimal Classification   Restricted Access Not For Loan SGT Dental Library SGT Dental Library Reference Book 06/09/2024 Ahuja Book Co. Pvt. Ltd. 16385.00 SGTU 19153   617.632 N24N FD9482 06/09/2024   Books  
    Dewey Decimal Classification   Restricted Access Not For Loan SGT Dental Library SGT Dental Library Reference Book 06/09/2024 Ahuja Book Co. Pvt. Ltd. 16385.00 SGTU 19153 1 617.632 N24N FD9483 27/01/2025   Books 27/01/2025
    Dewey Decimal Classification   Restricted Access Not For Loan SGT Dental Library SGT Dental Library Reference Book 06/09/2024 Ahuja Book Co. Pvt. Ltd. 16385.00 SGTU 19153 1 617.632 N24N FD9523 20/01/2025   Books 20/01/2025